| 000 | 00600cam a22002053a 4500 | ||
|---|---|---|---|
| 001 | 45589 | ||
| 003 | PGUSA | ||
| 005 | 20140828084044.0 | ||
| 008 | 140505s2014||||xxu|||||s|||||000 | eng d | ||
| 040 |
_aPGUSA _beng |
||
| 042 | _adc | ||
| 100 | 1 |
_aSchiller, Friedrich, _d1759-1805 |
|
| 245 | 1 | 0 |
_aFiesko : _bHistoriallinen murhenäytelmä _h[electronic resource] / _cFriedrich Schiller |
| 260 |
_bProject Gutenberg, _c2014 |
||
| 506 | _aPublic domain in the USA. | ||
| 516 | _aElectronic text | ||
| 830 | 0 |
_aProject Gutenberg _v45589 |
|
| 856 | 4 | 0 | _uhttp://www.gutenberg.org/ebooks/45589 |
| 942 | _cEB | ||
| 999 |
_c274840 _d274840 |
||